000 00792nam a2200217 a 4500
005 20240911064516.0
008 031202s19891995mx r 000 0 spa d
020 _a9681632834
035 _aUPN01000131072
049 _aCG
050 4 _aQ172.5 C7.4
_bR4.7
245 0 0 _aResortes de la creatividad científica :
_bensayos sobre fundadores de la ciencia moderna /
_ccomp. Rutherford Aris ; tr. Juan Almela.
260 _aMéxico :
_bFCE,
_c1989 (1995 impr.).
300 _a292 p. :
_bil.
440 0 _aSección de obras de ciencia y tecnología
534 _pTraducción de:
_tSprings of scientific creativity : essays on founders of modern science
650 4 _aAPTITUD CREADORA EN CIENCIA
_9569
650 2 _aCientíficos
_97179
700 1 _aAris, Rutherford,
_ecomp.
905 _aLibro
999 _c103227
_d103227